000 00871nam a2200265 a 4500
001 000006567
003 DO-SdBNP
005 20251017124518.0
007 ta
008 090901s1999 dr ac 000 0 spa d
020 _a8493052965
040 _aDO-SdBNP
_bspa
_cBNPHU
082 4 _a616.89
_bM524s
_222
100 1 _aMella Mejías, César
_d1950-
_9210
245 1 0 _aSalud, salud mental y educación :
_bponencias y reflexiones /
_cCésar Mella Mejías.
260 _aSanto Domingo :
_bBúho,
_c1999.
300 _a215 p. :
_bil., retr. ;
_c24 cm.
500 _aIncluye datos biográficos del autor en las solapas
500 _aIncluye referencias bibliográficas y notas al pie de las páginas
590 _aInventariado, 2018/LP
650 4 _aPsiquiatría
_918234
650 0 _aSalud mental
_9803
910 _aValidado. Control de calidad MFF
942 _2ddc
_cLBS1
999 _c6358
_d6358